000 00310nam a22001337a 4500
008 181218b xxu||||| |||| 00| 0 eng d
020 _a81510491
041 _aeng
080 _23rd
_a616-053.2
100 _a8
101 _aPED
245 _aManual of Pediatric Physical Diagnosis
_cBarness
942 _2udc
_cBK
999 _c53390
_d53390